| 000 | 00727cam a2200253 a 4500 | ||
|---|---|---|---|
| 001 | 12861401 | ||
| 003 | OSt | ||
| 005 | 20240612104805.0 | ||
| 008 | 020719s2002 enka b 001 0 eng | ||
| 010 | _a 2002510387 | ||
| 015 | _aGBA2-36164 | ||
| 020 | _a0521813573 | ||
| 020 | _a0521890012 | ||
| 040 |
_aDDC _cMUST |
||
| 082 | 0 | 4 | _a511 |
| 100 | 1 |
_aHäggström, Olle. _917089 |
|
| 245 | 1 | 0 | _aFinite Markov chains and algorithmic applications / |
| 260 |
_aCambridge ; _aNew York : _bCambridge University Press, _c2002. |
||
| 300 |
_aix, 114 p. : _bill. ; _c24 cm. |
||
| 504 | _aIncludes bibliographical references and indexes | ||
| 650 | 0 |
_aMarkov processes. _917090 |
|
| 650 | 0 |
_aAlgorithms. _95935 |
|
| 942 |
_2z _cO_SHELF |
||
| 999 |
_c8403 _d8403 |
||